[Event "Florianopolis op 6th"]
[Site "Florianopolis"]
[Date "2020.01.26"]
[Round "10"]
[White "Andrade, Guilherme A de Sou"]
[Black "Simao Vasconcellos, Pedro Augusto"]
[Result "1/2-1/2"]
[WhiteElo "1913"]
[BlackElo "1805"]
[PlyCount "61"]
[EventDate "2020.01.20"]
[EventType "swiss"]
[EventRounds "10"]
[EventCountry "BRA"]
[SourceTitle "CBM 194 Extra"]
[Source "ChessBase"]
[SourceDate "2020.03.31"]
[SourceVersion "1"]
[SourceVersionDate "2020.03.31"]
[SourceQuality "1"]

1. d4 Nf6 2. c4 g6 3. Nc3 Bg7 4. e4 d6 5. h3 0-0 6. Nf3 e5 7. d5 a5 8. Be2 Na6 9. Be3 Bd7 10. g4 b6 11. Nd2 Nc5 12. Qc2 Qb8 13. g5 Ne8 14. h4 c6 15. h5 Qb7 16. Nb3 Nc7 17. Kd2 cxd5 18. cxd5 N7a6 19. a3 a4 20. Nxc5 Nxc5 21. Bxc5 bxc5 22. Rag1 Rab8 23. Kc1 Qb3 24. Qxb3 Rxb3 25. Bd1 Rb7 26. f3 Ra7 27. Rh2 f6 28. hxg6 hxg6 29. gxf6 Rxf6 30. Rg3 Be8 31. Bc2 1/2-1/2

[Event "Florianopolis op 6th"]
[Site "Florianopolis"]
[Date "2020.01.25"]
[Round "8"]
[White "Souza, Rafael Cabral de"]
[Black "Simao Vasconcellos, Pedro Augusto"]
[Result "1-0"]
[WhiteElo "2104"]
[BlackElo "1805"]
[PlyCount "61"]
[EventDate "2020.01.20"]
[EventType "swiss"]
[EventRounds "10"]
[EventCountry "BRA"]
[SourceTitle "CBM 194 Extra"]
[Source "ChessBase"]
[SourceDate "2020.03.31"]
[SourceVersion "1"]
[SourceVersionDate "2020.03.31"]
[SourceQuality "1"]

1. c4 e5 2. Nc3 Nf6 3. g3 d5 4. cxd5 Nxd5 5. Bg2 Nb6 6. Nf3 Nc6 7. 0-0 Be7 8. d3 Be6 9. Ne4 f6 10. Be3 Nd4 11. Bxd4 exd4 12. Qc1 0-0 13. Nc5 Bd5 14. Nxd4 Bxg2 15. Nde6 Qe8 16. Kxg2 Bxc5 17. Nxc5 Qxe2 18. Re1 Qh5 19. Re7 Qd5+ 20. Kg1 Qd6 21. Re6 Qd5 22. Re7 Qd6 23. Re4 Rfe8 24. Nxb7 Qxd3 25. Rxe8+ Rxe8 26. Qxc7 Re2 27. Qb8+ Kf7 28. Qxa7 Qe4 29. Nd6+ Kg6 30. Qf7+ Kg5 31. Qxg7+ 1-0

[Event "Florianopolis op 6th"]
[Site "Florianopolis"]
[Date "2020.01.21"]
[Round "2"]
[White "De Camargo, Elisandy Yolainny M"]
[Black "Simao Vasconcellos, Pedro Augusto"]
[Result "0-1"]
[WhiteElo "1220"]
[BlackElo "1805"]
[PlyCount "82"]
[EventDate "2020.01.20"]
[EventType "swiss"]
[EventRounds "10"]
[EventCountry "BRA"]
[SourceTitle "CBM 194 Extra"]
[Source "ChessBase"]
[SourceDate "2020.03.31"]
[SourceVersion "1"]
[SourceVersionDate "2020.03.31"]
[SourceQuality "1"]

1. e4 c5 2. Nc3 Nc6 3. Nf3 g6 4. Bc4 Bg7 5. 0-0 e6 6. Re1 d6 7. d3 Nge7 8. Bb5 0-0 9. Bxc6 Nxc6 10. Be3 Nd4 11. a3 Bd7 12. Bxd4 cxd4 13. Ne2 e5 14. h3 Qf6 15. c3 Bxh3 16. Ng3 Bg4 17. Kf1 Rfd8 18. cxd4 exd4 19. Qe2 Rac8 20. e5 dxe5 21. Qxe5 Bxf3 22. Qxf6 Bxg2+ 23. Kxg2 Bxf6 24. Ne4 Be7 25. b4 Rc2 26. Rac1 Rdc8 27. Rxc2 Rxc2 28. Ng3 Kf8 29. Re4 Bf6 30. Rf4 Kg7 31. a4 Rb2 32. Ne4 Be5 33. Rh4 Rxb4 34. Nc5 Bd6 35. Ne4 Be7 36. Rh1 Rxa4 37. f4 Ra2+ 38. Kg3 Rb2 39. Re1 b5 40. Ng5 Bxg5 41. fxg5 b4 0-1

[Event "Sao Paulo Carnaval op"]
[Site "Sao Paulo"]
[Date "2019.03.02"]
[Round "1"]
[White "Simao Vasconcellos, Pedro Augusto"]
[Black "Molina, Roberto Junio Brito"]
[Result "0-1"]
[WhiteElo "1783"]
[BlackElo "2469"]
[PlyCount "84"]
[EventDate "2019.03.02"]
[EventType "swiss"]
[EventRounds "7"]
[EventCountry "BRA"]
[SourceTitle "EXT 2020"]
[Source "ChessBase"]
[SourceDate "2019.10.17"]
[SourceVersion "1"]
[SourceVersionDate "2019.10.17"]
[SourceQuality "1"]

1. d4 Nf6 2. c4 g6 3. Nc3 d5 4. cxd5 Nxd5 5. e4 Nxc3 6. bxc3 Bg7 7. Bc4 c5 8. Ne2 Nc6 9. Be3 0-0 10. 0-0 Qc7 11. Qc1 Bd7 12. Rd1 Rac8 13. d5 Na5 14. Bd3 Ba4 15. Bc2 Qd7 16. Rb1 b6 17. Bb3 Bxb3 18. axb3 c4 19. b4 Nb3 20. Qa3 f5 21. f3 fxe4 22. fxe4 Qg4 23. Nd4 Qxe4 24. Re1 Nxd4 25. cxd4 Bxd4 26. Rbd1 Bxe3+ 27. Rxe3 Qc2 28. Qc1 Qxc1 29. Rxc1 Rc7 30. Rce1 Rf7 31. Re6 Kf8 32. Rc6 Rd7 33. Rxc4 Rxd5 34. Rc8+ Kg7 35. Rc7 e5 36. Rc4 Rd4 37. Rxd4 exd4 38. Re4 Rd7 39. Kf2 Kf6 40. Ke2 Re7 41. Rxe7 Kxe7 42. b5 Kd6 0-1

[Event "Pocos de Caldas op"]
[Site "Pocos de Caldas"]
[Date "2019.02.08"]
[Round "1"]
[White "Simao Vasconcellos, Pedro Augusto"]
[Black "Aranha Filho, Alvaro Zimmermann"]
[Result "0-1"]
[WhiteElo "1810"]
[BlackElo "2295"]
[PlyCount "56"]
[EventDate "2019.02.08"]
[EventType "swiss"]
[EventRounds "6"]
[EventCountry "BRA"]
[SourceTitle "CBM 188 Extra"]
[Source "ChessBase"]
[SourceDate "2019.02.26"]
[SourceVersion "1"]
[SourceVersionDate "2019.02.26"]
[SourceQuality "1"]

1. e4 c5 2. Nf3 a6 3. c4 e6 4. d4 cxd4 5. Nxd4 Nf6 6. Nc3 Bb4 7. Bd3 Nc6 8. Nde2 Qc7 9. 0-0 Ng4 10. Bf4 Bd6 11. Ng3 Bxf4 12. Qxg4 g6 13. Nce2 Bd6 14. Nc3 h5 15. Qe2 h4 16. Nd5 Qd8 17. Nh1 exd5 18. exd5+ Ne7 19. f4 Bc5+ 20. Nf2 d6 21. Rae1 Kf8 22. Kh1 Nf5 23. Bxf5 Bxf5 24. Nd3 Bd4 25. b3 Kg8 26. Qd2 Qf6 27. b4 Re8 28. Rb1 Be3 0-1

[Event "BRA-ch Amateur U2000"]
[Site "Sao Paulo"]
[Date "2018.06.02"]
[Round "6"]
[White "De Carvalho, Igor Lorenzon"]
[Black "Simao Vasconcellos, Pedro Augusto"]
[Result "1-0"]
[WhiteElo "1953"]
[BlackElo "1738"]
[PlyCount "109"]
[EventDate "2018.05.31"]
[EventType "swiss"]
[EventRounds "7"]
[EventCountry "BRA"]
[SourceTitle "EXT 2021"]
[Source "ChessBase"]
[SourceDate "2020.10.23"]
[SourceVersion "1"]
[SourceVersionDate "2020.10.23"]
[SourceQuality "1"]

1. c4 e5 2. Nc3 Nf6 3. g3 d5 4. cxd5 Nxd5 5. Bg2 Nb6 6. Nf3 Nc6 7. 0-0 Be7 8. d3 Be6 9. Be3 Nd5 10. Nxd5 Bxd5 11. Rc1 0-0 12. a3 f6 13. Bc5 Re8 14. Qc2 Nd4 15. Bxd4 exd4 16. Qxc7 Bd6 17. Qxd8 Raxd8 18. Nxd4 Bxg2 19. Kxg2 Bxa3 20. bxa3 Rxd4 21. Rfe1 Ra4 22. Rc3 Re6 23. Rb1 b6 24. e3 Kf7 25. d4 Rd6 26. Kf3 Ke6 27. Ke2 h5 28. Rb5 g6 29. h4 Kd7 30. Kd3 Ke6 31. Kc2 Kd7 32. Kb3 Ra6 33. f3 f5 34. Kb4 Kd8 35. a4 Kd7 36. Rc4 Re6 37. Rd5+ Ke7 38. Rc7+ Kf6 39. Rdd7 Re8 40. Rc6+ Re6 41. Rcc7 Re8 42. Rf7+ Ke6 43. e4 fxe4 44. fxe4 Ra5 45. Rxa7 Rxa7 46. Rxa7 Kd6 47. e5+ Kd5 48. Rd7+ Ke4 49. Kb5 Kf3 50. Kxb6 Kxg3 51. a5 Kxh4 52. a6 g5 53. a7 g4 54. Kb7 g3 55. a8Q 1-0

[Event "Guaira op 1st"]
[Site "Guaira"]
[Date "2015.10.03"]
[Round "3"]
[White "Simao Vasconcellos, Pedro Augusto"]
[Black "Terto Vilas, Boas Crisolon"]
[Result "1-0"]
[WhiteElo "1667"]
[BlackElo "1594"]
[PlyCount "35"]
[EventDate "2015.10.03"]
[EventType "swiss"]
[EventRounds "5"]
[EventCountry "BRA"]
[SourceTitle "CBM 168 Extra"]
[Source "ChessBase"]
[SourceDate "2015.10.29"]
[SourceVersion "1"]
[SourceVersionDate "2015.10.29"]
[SourceQuality "1"]

1. e4 c5 2. Nf3 g6 3. d4 cxd4 4. Nxd4 Bg7 5. Be3 Nf6 6. Nc3 0-0 7. f3 Nc6 8. Qd2 e6 9. Bc4 Qa5 10. 0-0-0 Qb4 11. Bb3 Nxd4 12. Bxd4 Rd8 13. h4 Nh5 14. Bxg7 Kxg7 15. g4 Nf6 16. h5 gxh5 17. gxh5 Qf8 18. Qg5+ 1-0